[Event "Rome Accademia op 10"]
[Site "Rome"]
[Date "2008.10.18"]
[Round "3"]
[White "Marzio, Mario"]
[Black "Di Lascio, Savino"]
[Result "0-1"]
[WhiteElo "1469"]
[BlackElo "1953"]
[PlyCount "114"]
[EventDate "2008.10.17"]
[EventType "swiss"]
[EventRounds "5"]
[EventCountry "ITA"]
[SourceTitle "EXT 2011"]
[Source "ChessBase"]
[SourceDate "2010.11.26"]
[SourceVersion "1"]
[SourceVersionDate "2010.11.26"]
[SourceQuality "1"]

1. e4 c6 2. d4 d5 3. exd5 cxd5 4. Bd3 Nc6 5. c3 g6 6. Bf4 Bg7 7. Nd2 Nh6 8. Ngf3 0-0 9. Ne5 f6 10. Nxg6 hxg6 11. Bxg6 e5 12. Bxh6 Bxh6 13. Qh5 Kg7 14. 0-0 f5 15. Nf3 e4 16. Nh4 Qg5 17. Rae1 Qxh5 18. Bxh5 Bg5 19. g3 Bxh4 20. gxh4 f4 21. Kh1 Kh6 22. Bd1 Bh3 23. Rg1 f3 24. Rg5 Bg2+ 25. Kg1 Rad8 26. Bb3 Ne7 27. c4 Nf5 28. cxd5 Nxd4 29. Bc4 b5 30. Bf1 Bxf1 31. Kxf1 Ne2 32. Rd1 Rg8 33. d6 Rxg5 34. hxg5+ Kxg5 35. d7 Kf6 36. h4 Ke7 37. h5 Rxd7 38. Rxd7+ Kxd7 39. Ke1 Ke6 40. Kd2 Kf5 41. Ke3 Nf4 42. h6 Nd5+ 43. Kd4 Nf6 44. Ke3 Ng4+ 45. Kd4 Nxh6 46. a3 Ng4 47. Kc5 Nxf2 48. Kxb5 Nd3 49. b4 f2 50. Ka6 f1Q 51. Kxa7 e3 52. b5 e2 53. b6 e1Q 54. b7 Qa5+ 55. Kb8 Qc1 56. a4 Qac7+ 57. Ka8 Q1c6 0-1

[Event "Rome Accademia op 04"]
[Site "Rome"]
[Date "2008.04.19"]
[Round "4"]
[White "Marzio, Mario"]
[Black "De Carolis, Massimo"]
[Result "0-1"]
[WhiteElo "1480"]
[BlackElo "1980"]
[PlyCount "121"]
[EventDate "2008.04.18"]
[EventType "swiss"]
[EventRounds "5"]
[EventCountry "ITA"]
[SourceTitle "EXT 2011"]
[Source "ChessBase"]
[SourceDate "2010.11.26"]
[SourceVersion "1"]
[SourceVersionDate "2010.11.26"]
[SourceQuality "1"]

1. e4 e6 2. d4 d5 3. exd5 exd5 4. Bd3 Nc6 5. c3 Bd6 6. Be3 Nge7 7. Nf3 0-0 8. 0-0 Nf5 9. Bg5 Be7 10. Bxe7 Ncxe7 11. Nbd2 Ng6 12. Ne5 Nf4 13. Ndf3 f6 14. Ng4 Nxd4 15. Nh6+ gxh6 16. Nxd4 f5 17. Ne2 Ng6 18. Qd2 Qg5 19. f4 Qf6 20. Rae1 Bd7 21. Rf3 c5 22. Rh3 Kg7 23. Bc4 Bc6 24. Bd3 Rae8 25. Rf1 Qd6 26. Ng3 Bd7 27. Nh5+ Kh8 28. Ng3 Qe7 29. Kh1 Qe3 30. Qc2 Nxf4 31. Nxf5 Qe5 32. Re3 Qf6 33. Rxe8 Rxe8 34. Rxf4 Re1+ 35. Rf1 Rxf1+ 36. Bxf1 Qxf5 37. Qe2 Qe6 38. Qf3 Qf5 39. Qe2 a6 40. h3 Bb5 41. Qe7 Qxf1+ 42. Kh2 Qf4+ 43. Kh1 d4 44. Qd8+ Kg7 45. Qe7+ Kg6 46. Qe6+ Kg5 47. Qe7+ Kg6 48. Qe6+ Qf6 49. Qe4+ Qf5 50. Qxb7 d3 51. Qb6+ Kg5 52. Qd8+ Kf4 53. Qd6+ Ke3 54. Qxh6+ Ke2 55. Qg7 Qe4 56. Qh6 Bc6 57. Qh5+ Kd2 58. Qg5+ Kc2 59. Qg3 Qxg2+ 60. Qxg2+ Bxg2+ 61. Kxg2 0-1

[Event "Rome Primavera Accademia op"]
[Site "Rome"]
[Date "2007.05.13"]
[Round "4"]
[White "Maddaloni, Giovanni"]
[Black "Marzio, Mario"]
[Result "1/2-1/2"]
[WhiteElo "1867"]
[BlackElo "1457"]
[PlyCount "70"]
[EventDate "2007.05.11"]
[EventType "swiss"]
[EventRounds "5"]
[EventCountry "ITA"]
[SourceTitle "EXT 2010"]
[Source "ChessBase"]
[SourceDate "2010.11.25"]
[SourceVersion "1"]
[SourceVersionDate "2010.11.25"]
[SourceQuality "1"]

1. e4 e5 2. Nf3 Nc6 3. Bb5 a6 4. Bxc6 dxc6 5. 0-0 Bg4 6. d3 Bd6 7. Nbd2 Nf6 8. h3 Be6 9. c4 0-0 10. Re1 Qd7 11. Nf1 Rad8 12. a3 Rfe8 13. Be3 b6 14. Qc2 Qe7 15. Rad1 Nd7 16. d4 exd4 17. Nxd4 Nb8 18. f3 Rd7 19. Nxe6 Qxe6 20. c5 Be7 21. Rxd7 Nxd7 22. cxb6 cxb6 23. Rc1 c5 24. Qa4 b5 25. Qc2 c4 26. Ng3 Nc5 27. Nf5 Bf8 28. a4 Nd3 29. Ra1 b4 30. b3 Rc8 31. Rd1 g6 32. Nh6+ Bxh6 33. Bxh6 Qb6+ 34. Kh2 Qc7+ 35. Kh1 Qc5 1/2-1/2

[Event "Rome Primavera Accademia op"]
[Site "Rome"]
[Date "2007.05.12"]
[Round "3"]
[White "Marino, Giovanni"]
[Black "Marzio, Mario"]
[Result "1-0"]
[WhiteElo "1933"]
[BlackElo "1457"]
[PlyCount "57"]
[EventDate "2007.05.11"]
[EventType "swiss"]
[EventRounds "5"]
[EventCountry "ITA"]
[SourceTitle "EXT 2010"]
[Source "ChessBase"]
[SourceDate "2010.11.25"]
[SourceVersion "1"]
[SourceVersionDate "2010.11.25"]
[SourceQuality "1"]

1. d4 d5 2. Nf3 e6 3. c4 c6 4. Qc2 Nf6 5. g3 Be7 6. Bg2 Nbd7 7. 0-0 0-0 8. b3 Qc7 9. Bb2 Re8 10. Nbd2 Bf8 11. e4 dxe4 12. Nxe4 Nxe4 13. Qxe4 Nf6 14. Qc2 Bd6 15. Rfe1 Nd7 16. Rad1 e5 17. dxe5 Bb4 18. Re2 Nc5 19. a3 Bxa3 20. Bxa3 Nd7 21. Ng5 g6 22. e6 Ne5 23. Rxe5 Qxe5 24. exf7+ Kg7 25. Bb2 Bf5 26. Bxe5+ Rxe5 27. Qc3 Kf6 28. f4 Rf8 29. Qxe5# 1-0

[Event "Rome Primavera Accademia op"]
[Site "Rome"]
[Date "2007.05.11"]
[Round "1"]
[White "Ottaviani, Gianluca"]
[Black "Marzio, Mario"]
[Result "1/2-1/2"]
[WhiteElo "1963"]
[BlackElo "1457"]
[PlyCount "80"]
[EventDate "2007.05.11"]
[EventType "swiss"]
[EventRounds "5"]
[EventCountry "ITA"]
[SourceTitle "EXT 2010"]
[Source "ChessBase"]
[SourceDate "2010.11.25"]
[SourceVersion "1"]
[SourceVersionDate "2010.11.25"]
[SourceQuality "1"]

1. d4 d5 2. c4 e6 3. Nc3 Nf6 4. Bg5 Be7 5. cxd5 exd5 6. e3 0-0 7. Bd3 Bg4 8. f3 Be6 9. Nge2 Nbd7 10. Qc2 c6 11. 0-0 Rc8 12. Nf4 h6 13. Bh4 a6 14. Rae1 b5 15. Nxe6 fxe6 16. Qe2 a5 17. e4 dxe4 18. Nxe4 Nxe4 19. Bxe7 Qxe7 20. Qxe4 Rf6 21. Qh7+ Kf7 22. f4 Nf8 23. Qe4 Nd7 24. f5 Nf8 25. fxe6+ Qxe6 26. Rxf6+ gxf6 27. Qh4 Qd5 28. Rf1 Nd7 29. Bf5 Rg8 30. Qh5+ Kf8 31. Qxh6+ Rg7 32. Qh8+ Qg8 33. Qxg8+ Kxg8 34. Bxd7 Rxd7 35. Rxf6 Rxd4 36. Rf2 Rd1+ 37. Rf1 Rd2 38. Rf2 Rd1+ 39. Rf1 Rd2 40. Rf2 Rd1+ 1/2-1/2

[Event "Rome Accademia Autunno op"]
[Site "Rome"]
[Date "2006.10.22"]
[Round "5"]
[White "Marzio, Mario"]
[Black "Maddaloni, Giovanni"]
[Result "1/2-1/2"]
[WhiteElo "1445"]
[BlackElo "1843"]
[PlyCount "80"]
[EventDate "2006.10.20"]
[EventType "swiss"]
[EventRounds "5"]
[EventCountry "ITA"]
[SourceTitle "EXT 2023"]
[Source "ChessBase"]
[SourceDate "2022.10.05"]
[SourceVersion "1"]
[SourceVersionDate "2022.10.05"]
[SourceQuality "1"]

1. e4 Nc6 2. d4 e5 3. dxe5 Nxe5 4. Nf3 Nc6 5. Bb5 Bc5 6. 0-0 Nge7 7. Nc3 0-0 8. Re1 d6 9. Bd3 h6 10. Na4 Bb6 11. Nxb6 axb6 12. e5 Nxe5 13. Nxe5 dxe5 14. Rxe5 Nc6 15. Re3 Qd6 16. Qe2 Bd7 17. b3 Rfe8 18. Bb2 Rxe3 19. Qxe3 Re8 20. Qd2 Qe7 21. Qc3 Qe5 22. Bh7+ Kh8 23. Bd3 Qxc3 24. Bxc3 Ne5 25. Re1 Nxd3 26. Rxe8+ Bxe8 27. cxd3 b5 28. Kf1 Kh7 29. Ke2 Kg6 30. Ke3 f5 31. Kd4 Bc6 32. g3 Kf6 33. Kc5+ Ke6 34. h4 f4 35. h5 fxg3 36. fxg3 Kf5 37. Bxg7 Kg5 38. Be5 Kxh5 39. Bxc7 Kg5 40. d4 Kf6 1/2-1/2